000 00704nam a22001697a 4500
003 UA-OsUOA
001 12138
007 ta
008 20050424b un ||||| |||| 00| 0 ukr d
942 _cSA
040 _aUA-OsUOA
_cUA-OsUOA
_dUA-OsUOA
245 _aРік Грузії святкуватиме і Рівненщина
_b[Затв. заходи з проведення на Рівненщині Року Грузії в Україні розпорядженням голови облдержадмін. В. Червонія]
300 _aС.2
955 _a0
773 0 _w0
_tВісті Рівненщини
_dРівне
_d2005
_g№30/20 квіт./
650 7 _aМіжнародні зв'язки
_2UDC
999 _c298299
_d298299